000 00915cam a22002651 4500
001 874
003 BD-RjUL
005 20211208233236.0
008 131123s1962 ii 000 0 eng
035 _a(BD-RjUL)896
035 _a(OCoLC)4786929
040 _aDLC
_cLU
_dDLC
_dBD-RjUL
_beng
041 _aeng
082 0 0 _2 22
_a027
_bSAL
100 2 _aSatyanarayana, K. Bala,
_92611
245 1 4 _aThe law of public libraries in India (central & states) :
_bContaining the Andhra Pradesh Public libraries act, 1960 and the rules issued thereunder ...
_cK. Bala Satyanarayana With a foreword by P. Jaganmohan Reddy.
260 _aAllahabad :
_bLaw Book Co.,
_c1962.
300 _avi, 157 p.;
_c22 cm.
504 _aIncludes index.
650 0 _aLibrary legislation
_zIndia.
_92612
650 0 _aLibrary legislation
_zIndia
_xStates.
_92613
942 _2ddc
_cBK
999 _c874
_d874